00556nam a2200109Ia 4500008004100000245014000041260000900181300014400190650002100334999001900355952007200374180130s9999 xx 000 0 und d cZhu, Yanmei; McKelvey, MaureenaBusiness models in Big Data in China: designing new opportunities through sequencing and bioinformatics c2013 aBook title: How entrepreneurs do what they do : case studies in knowledge intensive entrepreneurship--Acession number C17365; pages 189-204 aENTREPRENEURSHIP c354470d354470 001040aCLbCLd2018-01-30l0r2018-01-30 00:00:00w2018-01-30yBC